00398nam a2200157Ia 450000500170000000800410001704000190005804100120007708200160008910000210010524500510012626000250017730000100020265000180021285000100023020230323132406.0131103s9999 xx 000 0 und d aLoreto College aEnglish a822.91bKIM aKimmins, Anthony 4aThe Amorous prawnb a comedy cAnthony Kimmins aLondonbSamuelc1960 a79p.  aEnglish drama aLCLIB